Mailand Trivia - Statistiken

Allgemein
  • Dieses Quiz wurde 3.426 mal gespielt
  • Das Durchschnittsergebnis liegt bei 10 aus 20
Antwortstatistiken
Frage Antwort % Korrekt
Wie lautet der italienische Name Mailands? Milano
98%
In welcher Branche wird Mailand zu einer der vier Hauptstädte gezählt? (zusammen mit Paris, London und New York) Mode
90%
Welche Art von Lebensmittel ist 'Gorgonzola' - benannt nach einem naheliegenden Ort? Käse
86%
Wer gründete Armani im Jahre 1975? {Giorgio} Armani
71%
Welcher Fußballklub spielt nebst der AC Mailand sonst noch im San-Siro-Stadion? Internazionale
69%
Mailand liegt in der Ebene welches Flusses? Po
65%
Welcher vierfache Ministerpräsident Italiens wurde 1936 in Mailand geboren? Silvio Berlusconi
57%
Welche Kaffeezubereitungsmaschine wurde zuerst in Mailand hergestellt? {Espresso}maschine
56%
Welcher Autohersteller (Abkürzung A.R.) wurde 1910 in Mailand gegründet? Alfa Romeo
52%
Von welcher Region ist Mailand die Hauptstadt? Lombardei
50%
Was sehen sich Besucher der "Scala" an? Opern
46%
Welches berühmte Wandgemälde Leonardo da Vincis schmückt die Wand eines Mailänder Klosters? Das Abendmahl
37%
Wer gründete Versace im Jahre 1978? {Gianni} Versace
34%
Welcher Schweizer Kanton liegt Mailand am nächsten? Tessin
33%
Welches Gericht aus Kalbshachsen und Gemüse bedeutet wörtlich "Knochen mit Loch"? {Osso}buco
29%
Welche Messe fand 2015 während 6 Monaten in Mailand statt? Expo
28%
Was sind Malpensa, Linate und Orio al Serio? Flughäfen
23%
Welche berühmte Entscheidung Konstantins garantierte 313 n. Chr. die Religionsfreiheit im Römischen Reich? Mailänder {Vereinbarung}
13%
Wie lautet der lateinische Name Mailands? {Medio}lanum
11%
Welche Familie regierte das Herzogtum Mailand zwischen 1450 und 1535 und erbaute ein mächtiges Schloss, das deren Namen trägt? Sforza
9%
Keine übereinstimmenden Quizze gefunden
Verteilung der Resultate
Anzahl Personen mit jedem Resultat
Perzentil nach korrekt beantworteten Fragen
Ihre Resultats-Entwicklung
Sie haben dieses Quiz noch nicht gespielt